000 00753cam a22002411 4500
001 sa 67001727
003 DLC
005 20260227112325.0
008 761217s1963 ii 000 0 eng
010 _asa 67001727
035 _a(OCoLC)2630838
040 _aDLC
_cTxU
_dDLC
041 0 _asaneng
042 _apremarc
050 0 0 _aBL1120.A559
_bC5
130 0 _aUpanishads.
_pKaṭhopaniṣad.
245 1 0 _aDiscourses on Kathopanishad,
_cby Swami Chinmayananda.
260 _a[Madras,
_bChinmaya Publication Trust,
_c1963?]
300 _axxvii, 209 p.
_billus.
_c22 cm.
500 _aEnglish and Sanskrit; introductory matter and commentary in English.
630 0 0 _aUpanishads. Kaṭhopaniṣad.
700 0 _aChinmayananda,
_cSwami,
_eed. & tr.
999 _c72824
_d72824